| 000 | 00543nam a2200133Ia 4500 | ||
|---|---|---|---|
| 008 | 171207s9999 xx 000 0 und d | ||
| 100 | _aKrawec, Jennifer | ||
| 245 | _aModifying a Research-Based Problem-Solving Intervention to Improve the Problem-Solving Performance of Fifth and Sixth Graders With and Without Learning Disabilities | ||
| 245 | _cJennifer Krawec, Jia Huang | ||
| 260 | _c2017 | ||
| 300 | _apages 468-480, July/August 2017 | ||
| 440 |
_aJournal of Learning Disabilities _v50:4 |
||
| 650 | _aEXECUTIVE FUNCTION, ACADEMIC SKILL | ||
| 999 |
_c347563 _d347563 |
||